000 00516cam a2200169 4500500
005 20260405002137.0
041 _afre
042 _adc
100 1 0 _aRogé, Antoine
_eauthor
245 0 0 _aBifteck à la florentine façon Machiavel
260 _c2016.
500 _a56
690 _aCuisine
690 _aRecette
786 0 _nPhilosophie magazine | 96 | 2 | 2016-02-01 | p. 70-70 | 1951-1787
856 4 1 _uhttps://shs.cairn.info/magazine-philosophie-magazine-2016-2-page-70?lang=fr&redirect-ssocas=7080
999 _c2054711
_d2054711